| 000 | 00346nam a22001457a 4500 | ||
|---|---|---|---|
| 003 | SGT | ||
| 082 |
_a617.632 _bP21T |
||
| 100 | _aThakker, Rishabh | ||
| 245 | _aPrevention and management of neural... | ||
| 260 |
_aGurugram, Haryana _bSGT University _c2021 |
||
| 300 | _a95 | ||
| 650 | _aOral Surgery | ||
| 653 | _aOral Surgery | ||
| 942 |
_2ddc _cTH |
||
| 999 |
_c23612 _d23612 |
||